| 000 | 00777nam a2200277Ia 4500 | ||
|---|---|---|---|
| 001 | 21891 | ||
| 005 | 20240114000616.0 | ||
| 007 | ta | ||
| 008 | 060310s1998 a g b000 u 465 u | ||
| 020 | _a81-7480-032-8 | ||
| 040 | _aCotton Collrge,Assam | ||
| 041 | _a465 | ||
| 082 |
_a338 _bRa 188 De |
||
| 100 | _aRatho, P.K. . | ||
| 245 | 0 |
_aDevelopment and Valuation of Urban Properties: Buy and Build to Get Your Money`s Worth / _cP.K. Ratho. _hTextual Documents |
|
| 250 | _a1st ed. / | ||
| 260 |
_aNew Delhi : _bVigyan Prasar , _c1998. |
||
| 300 |
_axxii,419p. : _bill ; _c23cm . |
||
| 504 | _aIndex | ||
| 653 | _aEconomics | ||
| 653 | _aPG-Economics | ||
| 653 | _aDevelopment Economy | ||
| 942 |
_2ddc _cBK |
||
| 999 |
_c21873 _d21873 |
||